000 00570nam a22001817a 4500
003 UA-OsUOA
001 8148
007 ta
008 20040804b un ||||| |||| 00| 0 ukr d
100 _aГуменюк А.
942 _cSA
040 _aUA-OsUOA
_cUA-OsUOA
_dUA-OsUOA
245 _aГіркими спогадами пам'ять ожива...: До 60-річчя трагедії українців Холмщини
300 _aС.11
955 _a0
773 0 _w0
_tВільне слово
_dРівне
_d2004
_g№56/30 лип./
650 7 _aІсторія
_2UDC
999 _c294309
_d294309